000 00272cam a22000977a 4500
008 180718b xxu||||| |||| 00| 0 eng d
082 _aT216103x42 Un3
245 _aIron and steel act
260 _aLondon
_bHer Majesty's Stationery Office
_c
500 _aContents : 1949,1953, 1967
999 _c422446
_d422446